Securities Industry (Central Depositories) Act and Regulations (Act 453) : (Record no. 4723)

000 -LEADER
fixed length control field nam a22 a 4500
003 - CONTROL NUMBER IDENTIFIER
control field AKMAL
005 - DATE AND TIME OF LATEST TRANSACTION
control field 20170801095613.0
008 - FIXED-LENGTH DATA ELEMENTS--GENERAL INFORMATION
fixed length control field 17 s2017 my | e l a000 0 eng d
020 ## - INTERNATIONAL STANDARD BOOK NUMBER
Terms of availability RM52.00
082 04 - DEWEY DECIMAL CLASSIFICATION NUMBER
Classification number 346.5950926 MAL
Edition number 22
090 00 - LOCALLY ASSIGNED LC-TYPE CALL NUMBER (OCLC); LOCAL CALL NUMBER (RLIN)
Classification number (OCLC) (R) ; Classification number, CALL (RLIN) (NR) 346.5950926
Local cutter number (OCLC) ; Book number/undivided call number, CALL (RLIN) MAL
110 1# - MAIN ENTRY--CORPORATE NAME
Corporate name or jurisdiction name as entry element Malaysia
9 (RLIN) 400
240 10 - UNIFORM TITLE
Uniform title Akta Perindustrian Sekuriti (Depositori Pusat) 1991.
Language of a work English
245 10 - TITLE STATEMENT
Title Securities Industry (Central Depositories) Act and Regulations (Act 453) :
Remainder of title all amendments up to January 2004
260 ## - PUBLICATION, DISTRIBUTION, ETC.
Place of publication, distribution, etc. Kuala Lumpur :
Name of publisher, distributor, etc. MDC Publishers Sdn.Bhd,
Date of publication, distribution, etc. 2017
300 ## - PHYSICAL DESCRIPTION
Extent 88p. ;
Dimensions 25cm.
650 10 - SUBJECT ADDED ENTRY--TOPICAL TERM
Topical term or geographic name entry element Securities
General subdivision Law and legislation
Geographic subdivision Malaysia
9 (RLIN) 9043
650 20 - SUBJECT ADDED ENTRY--TOPICAL TERM
Topical term or geographic name entry element Brokers
General subdivision Legal status, laws, etc.
Geographic subdivision Malaysia
9 (RLIN) 9044
650 20 - SUBJECT ADDED ENTRY--TOPICAL TERM
Topical term or geographic name entry element Stock-exchange
General subdivision Law and legislation
Geographic subdivision Malaysia
9 (RLIN) 9045
740 02 - ADDED ENTRY--UNCONTROLLED RELATED/ANALYTICAL TITLE
Uncontrolled related/analytical title Akta Perindustrian Sekuriti (Depositori Pusat) 1991 (Akta 453)
942 ## - ADDED ENTRY ELEMENTS (KOHA)
Source of classification or shelving scheme
Koha item type Book
Holdings
Withdrawn status Lost status Source of classification or shelving scheme Damaged status Not for loan Collection code Home library Current library Shelving location Date acquired Inventory number Total Checkouts Full call number Barcode Date last seen Price effective from Koha item type
          NON-FICTION AKMAL Melaka AKMAL Melaka PINJAMAN 01.08.2017 307033   346.5950926 MAL 201707433 01.08.2017 01.08.2017 Book
Pusat Sumber Maklumat Dato' Haji Sarmin Md Hussin, Akademi Kastam Diraja Malaysia, Melaka
Tel: 06-2331106 | Faks: 06-2313787